Les Champions du Monde 2018 - Liste des 23 - Statistiques

Statistiques générales
  • Ce quiz a été pris 928 fois
  • Le résultat moyen est 20 sur 23
Statistiques - réponses
Poste Club (en 2018) Réponse % Correct
G Tottenham Hugo Lloris
99%
A Paris Saint-Germain Kylian Mbappé
98%
A Atlético de Madrid Antoine Griezmann
97%
D Stuttgart Benjamin Pavard
96%
M Chelsea N'Golo Kanté
96%
M Manchester United Paul Pogba
96%
G Olympique de Marseille Steve Mandanda
96%
G Paris Saint-Germain Alphonse Areola
93%
A Chelsea Olivier Giroud
91%
D Real Madrid Raphaël Varane
91%
D Atlético de Madrid Lucas Hernandez
90%
D FC Barcelone Samuel Umtiti
90%
D Olympique de Marseille Adil Rami
87%
A FC Barcelone Ousmane Dembélé
87%
D Paris Saint-Germain Presnel Kimpembe
86%
A Olympique de Marseille Florian Thauvin
81%
D Manchester City Benjamin Mendy
80%
M Juventus de Turin Blaise Matuidi
79%
D AS Monaco Djibril Sidibé
77%
M Séville FC Steven Nzonzi
76%
M Bayern Munich Corentin Tolisso
75%
A Olympique Lyonnais Nabil Fekir
72%
A AS Monaco Thomas Lemar
69%
Aucun quiz correspondant
Distribution des résultats
% des personnes avec chaque résultat
Percentile par nombre de réponses
Votre historique - résultats
Vous n’avez pas pris ce quiz